Josh Johnson's Football Teams - Statistics

General Stats
  • This quiz has been taken 10 times
  • The average score is 17 of 24
Answer Stats
Years Football Team % Correct
2016 Baltimore Ravens
89%
2021 Baltimore Ravens
89%
2023-now Baltimore Ravens
89%
2012 San Francisco 49ers
89%
2014 San Francisco 49ers
89%
2020-2021 San Francisco 49ers
89%
2022 San Francisco 49ers
89%
2019 Detroit Lions
78%
2015 New York Jets
78%
2021 New York Jets
78%
2018 Washington Redskins
78%
2015 Buffalo Bills
67%
2013 Cincinnati Bengals
67%
2015 Cincinnati Bengals
67%
2012 Cleveland Browns
67%
2017 Houston Texans
67%
2015 Indianapolis Colts
67%
2016 New York Giants
67%
2018 Oakland Raiders
67%
2022 Denver Broncos
56%
2008-2011 Tampa Bay Buccaneers
56%
2019* San Diego Fleet
33%
2020* Los Angeles Wildcats
22%
2012* Sacramento Mountain Lions
22%
No matching quizzes found
Score Distribution
Percent of People with Each Score
Percentile by Number Answered
Your Score History
You have not taken this quiz